000 00490nam a2200169Ia 4500
008 110201s9999 xx 000 0 und d
082 _bB3879
_aK 1645
100 _aमाने लक्ष्मण
245 _aउपरा
260 _bग्रंथाली अभिनव चळवळ
365 _b20
600 _aमाने लक्ष्मण
630 _aउपरा
700 _aमाने लक्ष्मण
730 _aउपरा
942 _cBOOK
999 _c830420
_d830417